000 00473nam a22001577a 4500
008 140609b xxu||||| |||| 00| 0 eng d
020 _a0847690318
041 0 _aeng
080 _a362.1
245 _aHard choices :
_cedited by Jonathan Moore.
260 _aLanham, Md. :
_bRowman & Littlefield Publishers,
_c1998.
300 _a322 f.:
_c22 cm.
500 _aIndex: f. 303-315
650 0 _aNdihma humanitare
942 _2udc
_cBK
999 _c489
_d489